Igor Gallo: Rozprávočky z kolibôčky

Bibliographic Details
Main Author: Beňo, Ján, 1933-2020 (Author)
Format: Article
Language:Slovak
ISSN:1335-7263
Subjects:

MARC

LEADER 00000nab a2200000 a 4500
001 vtls009008409
003 SK-MaSNL
005 20260303065519.0
008 140429c2007 xo qr|p|||||||000 b|slo
015 |a SNBRB2007/07  |2 snkbucl 
038 |a SNKBUCL 
040 |a SNKBUCL  |b slo  |c SNKBUCL  |e AACR2 
041 0 |a slo 
044 |a xo  |c SK 
080 |a 82.09:821.162.4-93  |x (048)  |2 2001 
080 |a 821.162.4-93  |x (048)  |2 2001 
080 |a 821.162.4-32  |x (0.053.2)  |x (048)  |2 2001 
100 1 |a Beňo, Ján,  |d 1933-2020  |4 aut  |9 102772 
245 1 0 |a Igor Gallo: Rozprávočky z kolibôčky  |c Ján Beňo 
650 0 7 |a autorské rozprávky, slovenské  |x recenzie  |2 snkbucl  |9 70081 
655 7 |a recenzie  |2 snkbucl  |9 21907 
773 0 |t Bibiana  |g Roč. XIV, č. 2 (2007), s. 67-68  |x 1335-7263 
787 0 8 |i Rec.:  |a Gallo, Igor, 1936-  |t Rozprávočky z kolibôčky  |d Bratislava : Vydavateľstvo Spolku slovenských spisovateľov, c2005  |z 8080612072 
852 |a SNK  |b KIS3GCP 
958 |a LX 
958 |a SK 
958 |a RC 
999 |c 1751500  |d 1753430